[Event "Collado Villalba op-B 35th"]
[Site "Collado Villalba ESP"]
[Date "2018.08.24"]
[Round "1.25"]
[White "Martin Rodriguez, Jose Luis"]
[Black "Pena Hernandez, Francisco"]
[Result "0-1"]
[WhiteElo "1266"]
[BlackElo "1622"]
[PlyCount "106"]
[EventDate "2018.08.24"]
[EventType "swiss"]
[EventRounds "9"]
[EventCountry "ESP"]
[SourceTitle "Ajedrez en Madrid"]
[Source "lmi"]
[SourceDate "2018.08.24"]

1. c4 c5 2. Nc3 Nc6 3. Nf3 e5 4. d3 g6 5. g3 Bg7 6. Bg2 Nge7 7. e4 a6 8. O-O
O-O 9. Be3 d6 10. Rb1 Bd7 11. Bg5 h6 12. Bd2 Qc8 13. Qc1 Kh7 14. a3 Bh3 15. Nd5
Bxg2 16. Kxg2 Nxd5 17. cxd5 Ne7 18. Rh1 f5 19. h4 f4 20. Qd1 fxg3 21. fxg3 Qd7
22. Ng1 Rf7 23. Nh3 Raf8 24. Qe2 Qb5 25. g4 Rf3 26. Be3 Qd7 27. Qxf3 Rxf3 28.
Kxf3 Ng8 29. Ng5+ Kh8 30. Ne6 Ne7 31. Rhc1 b6 32. b3 Qb5 33. Rc3 Nxd5 34. Rc4
Nxe3 35. Kxe3 Qd7 36. Nxg7 Kxg7 37. Rg1 Qf7 38. Ke2 Qf4 39. Rcc1 Qh2+ 40. Kf1
Qd2 41. Re1 Qxd3+ 42. Kg2 Qxb3 43. Rgf1 Qxa3 44. g5 b5 45. Rf6 Qb2+ 46. Kf1 Qd4
47. Rf2 c4 48. Kg2 c3 49. Ref1 Qxe4+ 50. Kh3 Qd5 51. Rf6 c2 52. Kh2 c1=Q 53.
Rxc1 Qd2+ 0-1

[Event "Collado Villalba op-B 35th"]
[Site "Collado Villalba ESP"]
[Date "2018.08.24"]
[Round "1.26"]
[White "Karunanithi, Bharath"]
[Black "Andrade Sandoval, Marian"]
[Result "1-0"]
[WhiteElo "1603"]
[BlackElo "1234"]
[PlyCount "77"]
[EventDate "2018.08.24"]
[EventType "swiss"]
[EventRounds "9"]
[EventCountry "ESP"]
[SourceTitle "Ajedrez en Madrid"]
[Source "lmi"]
[SourceDate "2018.08.24"]

1. e4 c5 2. d3 e6 3. g3 d6 4. Bg2 Nf6 5. f4 Nc6 6. Nf3 Qc7 7. c3 Be7 8. Na3 Nd7
9. O-O a6 10. Be3 O-O 11. Bf2 Rb8 12. Nc2 b5 13. Ne3 Bb7 14. b3 a5 15. g4 b4
16. c4 Bf6 17. Rb1 Nd4 18. Nxd4 Bxd4 19. Nc2 Bxf2+ 20. Rxf2 h6 21. h4 g6 22. g5
hxg5 23. hxg5 f6 24. Qg4 f5 25. exf5 exf5 26. Qh4 Bxg2 27. Rxg2 Kg7 28. Qh6+
Kf7 29. Qh7+ Ke8 30. Ne3 Rf7 31. Qg8+ Nf8 32. Nd5 Qb7 33. Re2+ Kd8 34. Rbe1 Qd7
35. Nf6 Rxf6 36. gxf6 Kc8 37. Qxf8+ Kc7 38. Qxb8+ Kxb8 39. Re8+ 1-0

[Event "Collado Villalba op-B 35th"]
[Site "Collado Villalba ESP"]
[Date "2018.08.24"]
[Round "1.27"]
[White "Andrade Espinoza, Jhamil"]
[Black "Mejias Gonzalez, Pedro"]
[Result "0-1"]
[WhiteElo "1221"]
[BlackElo "1593"]
[PlyCount "122"]
[EventDate "2018.08.24"]
[EventType "swiss"]
[EventRounds "9"]
[EventCountry "ESP"]
[SourceTitle "Ajedrez en Madrid"]
[Source "lmi"]
[SourceDate "2018.08.24"]

1. d4 d5 2. Bf4 Nf6 3. e3 c6 4. Nf3 Bg4 5. h3 Bh5 6. g4 Bg6 7. Ne5 Nbd7 8. Nxg6
hxg6 9. f3 e6 10. Nd2 Nb6 11. c4 dxc4 12. Bxc4 Nxc4 13. Nxc4 Bb4+ 14. Nd2 Bd6
15. Qa4 Bxf4 16. exf4 Nd5 17. O-O-O Nxf4 18. Qb3 Qb6 19. h4 Ne2+ 20. Kb1 Nxd4
21. Qxb6 axb6 22. Ne4 O-O-O 23. Ng5 Rd7 24. Rde1 Re8 25. h5 f6 26. Nh7 gxh5 27.
Rxh5 Nxf3 28. Rc1 Rd5 29. Rh3 Ng5 30. Nxg5 Rxg5 31. Rh7 Rxg4 32. a3 Rg2 33. Re1
e5 34. Rhh1 e4 35. Rhg1 Rxg1 36. Rxg1 Re7 37. Kc2 f5 38. Kd2 e3+ 39. Ke2 f4 40.
Rf1 g5 41. Kf3 Rg7 42. Rg1 Kd7 43. Rd1+ Ke6 44. Ke4 Rd7 45. Re1 c5 46. Re2 Rd4+
47. Kf3 Kf5 48. Rg2 Rd2 49. Rxd2 exd2 50. Ke2 d1=Q+ 51. Kxd1 Ke4 52. Ke2 g4 53.
Kf1 Kf3 54. Kg1 g3 55. Kf1 Kg4 56. Kg2 f3+ 57. Kg1 Kf4 58. b3 Ke3 59. a4 Ke2
60. a5 bxa5 61. Kh1 f2 0-1

[Event "Collado Villalba op-B 35th"]
[Site "Collado Villalba ESP"]
[Date "2018.08.24"]
[Round "1.28"]
[White "Gonzalez Pinar, Adrian"]
[Black "Ariza del Castillo, Pablo"]
[Result "1-0"]
[WhiteElo "1593"]
[BlackElo "1170"]
[PlyCount "87"]
[EventDate "2018.08.24"]
[EventType "swiss"]
[EventRounds "9"]
[EventCountry "ESP"]
[SourceTitle "Ajedrez en Madrid"]
[Source "lmi"]
[SourceDate "2018.08.24"]

1. c4 Nf6 2. Nc3 g6 3. g3 Bg7 4. Bg2 d6 5. Nf3 Nc6 6. d3 O-O 7. O-O e5 8. Bg5
h6 9. Bxf6 Bxf6 10. Rb1 a6 11. b4 Ne7 12. Nd2 Rb8 13. Qc2 Bd7 14. b5 axb5 15.
cxb5 Bg7 16. Nd5 Nxd5 17. Bxd5 Be6 18. Qc4 Bxd5 19. Qxd5 Qd7 20. Rfc1 Rfc8 21.
Ne4 Kh7 22. b6 f5 23. bxc7 Rxc7 24. Rxc7 Qxc7 25. Qxd6 Qxd6 26. Nxd6 Ra8 27.
Rxb7 e4 28. dxe4 fxe4 29. Nxe4 Rxa2 30. Nf6+ Kh8 31. Rb8+ Bf8 32. Rxf8+ Kg7 33.
Nd7 Rd2 34. Rd8 Rd5 35. Rg8+ Kf7 36. Rh8 Kg7 37. Rd8 Kf7 38. e4 Rd1+ 39. Kg2
Ke7 40. Rh8 Rxd7 41. Rh7+ Ke6 42. Rxd7 Kxd7 43. f4 Ke6 44. Kf3 1-0

[Event "Collado Villalba op-B 35th"]
[Site "Collado Villalba ESP"]
[Date "2018.08.24"]
[Round "1.29"]
[White "Rojas Fernandez, Antonio"]
[Black "Garcia Varea, Benjamin"]
[Result "0-1"]
[WhiteElo "1141"]
[BlackElo "1576"]
[PlyCount "72"]
[EventDate "2018.08.24"]
[EventType "swiss"]
[EventRounds "9"]
[EventCountry "ESP"]
[SourceTitle "Ajedrez en Madrid"]
[Source "lmi"]
[SourceDate "2018.08.24"]

1. e4 Nf6 2. Nc3 e5 3. Nf3 Nc6 4. Bc4 Bb4 5. d3 h6 6. Be3 d6 7. h3 O-O 8. O-O
Na5 9. Bb3 Nxb3 10. axb3 c6 11. Ne2 c5 12. Ng3 Nh7 13. Qe2 f5 14. exf5 Bxf5 15.
Nxf5 Rxf5 16. Nd2 Bxd2 17. Qxd2 g5 18. Qa5 b6 19. Qa4 Rf7 20. b4 Rc8 21. bxc5
bxc5 22. Qe4 Nf6 23. Qg6+ Rg7 24. Qxh6 Nd5 25. Qe6+ Kh8 26. Qxd5 Qb6 27. Rfb1
g4 28. Qe6 Qc7 29. Qf6 Kh7 30. Ra4 gxh3 31. Rh4+ Kg8 32. Ra1 Rxg2+ 33. Kh1 Rg7
34. Qe6+ Rf7 35. Bg5 Qb7+ 36. Kh2 Qg2# 0-1

[Event "Collado Villalba op-B 35th"]
[Site "Collado Villalba ESP"]
[Date "2018.08.25"]
[Round "2.1"]
[White "Garcia Serrano, Jose Manuel"]
[Black "Munoz Morato, Miguel"]
[Result "1/2-1/2"]
[WhiteElo "1908"]
[BlackElo "1708"]
[PlyCount "110"]
[EventDate "2018.08.24"]
[EventType "swiss"]
[EventRounds "9"]
[EventCountry "ESP"]
[SourceTitle "Ajedrez en Madrid"]
[Source "lmi"]
[SourceDate "2018.08.24"]

1. e4 e6 2. d4 d5 3. Nc3 Nf6 4. Bg5 dxe4 5. Nxe4 Be7 6. Bxf6 Bxf6 7. Nf3 O-O 8.
Be2 b6 9. O-O Bb7 10. Ng3 Nc6 11. c3 g6 12. Qc2 Ne7 13. Ne4 Bg7 14. Rad1 Nd5
15. Ne5 Nf6 16. Ng5 Nd7 17. Bf3 Bxf3 18. Nexf3 c6 19. Qe4 Qc7 20. Qh4 h6 21.
Ne4 f5 22. Ned2 Nf6 23. Ne5 g5 24. Qg3 Nh5 25. Qf3 Bxe5 26. Qxh5 Bg7 27. Rfe1
Rae8 28. Nc4 b5 29. Ne5 Bxe5 30. Rxe5 Qg7 31. Rde1 Qf6 32. Qe2 Kf7 33. Qf3 Rc8
34. Qh5+ Qg6 35. Qxg6+ Kxg6 36. Rxe6+ Rf6 37. Re7 a5 38. g3 a4 39. R1e5 f4 40.
g4 h5 41. gxh5+ Kxh5 42. Rg7 Rg6 43. Rh7+ Rh6 44. Rf7 Kg4 45. Rg7 Rh5 46. h3+
Rxh3 47. Rgxg5+ Kf3 48. Rh5 Rh8 49. Rxh3+ Rxh3 50. Rg5 Rh6 51. b3 axb3 52. axb3
Re6 53. Kf1 Rh6 54. Kg1 Re6 55. Kf1 Rh6 1/2-1/2

[Event "Collado Villalba op-B 35th"]
[Site "Collado Villalba ESP"]
[Date "2018.08.25"]
[Round "2.2"]
[White "Lizon Martinez, Santiago"]
[Black "Suarez Paz, Alfonso"]
[Result "1/2-1/2"]
[WhiteElo "1715"]
[BlackElo "1842"]
[PlyCount "49"]
[EventDate "2018.08.24"]
[EventType "swiss"]
[EventRounds "9"]
[EventCountry "ESP"]
[SourceTitle "Ajedrez en Madrid"]
[Source "lmi"]
[SourceDate "2018.08.24"]

1. e4 e5 2. Nf3 d6 3. d4 exd4 4. Nxd4 Nf6 5. Nc3 Be7 6. g3 Bg4 7. f3 Bd7 8. Bg2
Nc6 9. O-O Nxd4 10. Qxd4 O-O 11. Kh1 Bc6 12. g4 Nd7 13. f4 Bf6 14. Qe3 Re8 15.
Ne2 Nc5 16. Ng3 g6 17. e5 Bxg2+ 18. Kxg2 Nd7 19. Qf3 Be7 20. exd6 Bxd6 21. Bd2
Nc5 22. Rad1 Qh4 23. Be1 Qf6 24. Bc3 Qh4 25. Be1 1/2-1/2

[Event "Collado Villalba op-B 35th"]
[Site "Collado Villalba ESP"]
[Date "2018.08.25"]
[Round "2.3"]
[White "Tirado Parra, Alberto"]
[Black "Sanchez Rodenas, Jose Antonio"]
[Result "1-0"]
[WhiteElo "1837"]
[BlackElo "1623"]
[PlyCount "61"]
[EventDate "2018.08.24"]
[EventType "swiss"]
[EventRounds "9"]
[EventCountry "ESP"]
[SourceTitle "Ajedrez en Madrid"]
[Source "lmi"]
[SourceDate "2018.08.24"]

1. e4 c5 2. Nf3 d6 3. g3 g6 4. Bg2 Bg7 5. O-O Nf6 6. c3 O-O 7. Re1 Nc6 8. d4
cxd4 9. Nxd4 Qb6 10. h3 Bd7 11. Na3 a6 12. Nc4 Qc7 13. Ne3 Nxd4 14. cxd4 Rac8
15. Bd2 b5 16. Qb3 e6 17. e5 dxe5 18. dxe5 Nd5 19. Nxd5 exd5 20. Bb4 Rfe8 21.
Bd6 Qc4 22. Bxd5 Qxb3 23. axb3 Bxh3 24. Rxa6 Rc2 25. Ra7 Be6 26. Bxe6 fxe6 27.
Re3 Rec8 28. Rf3 Bf8 29. Rff7 Rxb2 30. Bxf8 Rxf8 31. Rg7+ 1-0

[Event "Collado Villalba op-B 35th"]
[Site "Collado Villalba ESP"]
[Date "2018.08.25"]
[Round "2.4"]
[White "Lucia Carpintero, Oscar"]
[Black "Fernandez Estremera, Fernando"]
[Result "1/2-1/2"]
[WhiteElo "1659"]
[BlackElo "1830"]
[PlyCount "75"]
[EventDate "2018.08.24"]
[EventType "swiss"]
[EventRounds "9"]
[EventCountry "ESP"]
[SourceTitle "Ajedrez en Madrid"]
[Source "lmi"]
[SourceDate "2018.08.24"]

1. d4 d5 2. Bf4 Nf6 3. e3 c5 4. c3 Nc6 5. Nd2 Bf5 6. Ngf3 h6 7. h4 Qb6 8. Qb3
c4 9. Qxb6 axb6 10. a3 e6 11. Be2 b5 12. Rc1 Nd7 13. O-O Nb6 14. Bd1 Na4 15.
Bxa4 bxa4 16. Rfe1 Bd3 17. e4 O-O-O 18. Re3 Bd6 19. Bxd6 Rxd6 20. Ne1 Bxe4 21.
Nxe4 dxe4 22. Rxe4 b5 23. f4 Kd7 24. Nf3 f6 25. Rce1 Ne7 26. Kf2 h5 27. R1e2
Rh6 28. g3 Rg6 29. Nh2 Nf5 30. Nf1 Rg4 31. Kf3 Rg6 32. Rg2 Kc6 33. Ne3 Nxe3 34.
Rxe3 Rg4 35. Rge2 Kd7 36. Re4 Rg6 37. Rg2 Rg4 38. Rge2 1/2-1/2

[Event "Collado Villalba op-B 35th"]
[Site "Collado Villalba ESP"]
[Date "2018.08.25"]
[Round "2.5"]
[White "De Dompablo Fantova, Juan"]
[Black "Mihalcea, George Andrei"]
[Result "1-0"]
[WhiteElo "1638"]
[BlackElo "1807"]
[PlyCount "43"]
[EventDate "2018.08.24"]
[EventType "swiss"]
[EventRounds "9"]
[EventCountry "ESP"]
[SourceTitle "Ajedrez en Madrid"]
[Source "lmi"]
[SourceDate "2018.08.24"]

1. e4 g6 2. d4 Bg7 3. Nc3 d6 4. Be3 Nf6 5. f3 O-O 6. Qd2 Re8 7. g4 Nbd7 8.
O-O-O c6 9. h4 e5 10. Nge2 exd4 11. Nxd4 Ne5 12. Be2 h5 13. gxh5 Nxh5 14. Rdg1
Kh7 15. f4 Nd7 16. Bxh5 gxh5 17. Nf5 Bf8 18. Qg2 Nf6 19. Qg5 Re6 20. Ng7 Kh8
21. Nxe6 Bxe6 22. Bd4 1-0

[Event "Collado Villalba op-B 35th"]
[Site "Collado Villalba ESP"]
[Date "2018.08.25"]
[Round "2.6"]
[White "Pardo Robles, Jose Manuel"]
[Black "Karunanithi, Bharath"]
[Result "1/2-1/2"]
[WhiteElo "1795"]
[BlackElo "1603"]
[PlyCount "83"]
[EventDate "2018.08.24"]
[EventType "swiss"]
[EventRounds "9"]
[EventCountry "ESP"]
[SourceTitle "Ajedrez en Madrid"]
[Source "lmi"]
[SourceDate "2018.08.24"]

1. e4 c6 2. d4 d5 3. exd5 cxd5 4. Bd3 Nf6 5. c3 Nc6 6. Bf4 Bg4 7. Nf3 e6 8.
Nbd2 Bd6 9. Bxd6 Qxd6 10. O-O O-O 11. Re1 Rac8 12. Qa4 Bh5 13. Ne5 a6 14. Ndf3
Nd7 15. Nxc6 Qxc6 16. Qxc6 Rxc6 17. Ne5 Nxe5 18. Rxe5 Bg6 19. Bxg6 hxg6 20.
Rae1 Rfc8 21. R5e3 Rc4 22. Rd3 a5 23. a3 b5 24. f4 Rb8 25. Kf2 b4 26. axb4 axb4
27. Ree3 bxc3 28. bxc3 Rb2+ 29. Re2 Rxe2+ 30. Kxe2 Kf8 31. Kd1 Ra4 32. Rd2 Ra1+
33. Ke2 Rc1 34. Kd3 Ke7 35. Ra2 Kf6 36. g3 Rd1+ 37. Ke3 Re1+ 38. Kd2 Rh1 39.
Kd3 g5 40. Rf2 gxf4 41. Rxf4+ Kg6 42. Rg4+ 1/2-1/2

[Event "Collado Villalba op-B 35th"]
[Site "Collado Villalba ESP"]
[Date "2018.08.25"]
[Round "2.7"]
[White "Pena Hernandez, Francisco"]
[Black "Navarro Coloma, Antonio"]
[Result "0-1"]
[WhiteElo "1622"]
[BlackElo "1794"]
[PlyCount "58"]
[EventDate "2018.08.24"]
[EventType "swiss"]
[EventRounds "9"]
[EventCountry "ESP"]
[SourceTitle "Ajedrez en Madrid"]
[Source "lmi"]
[SourceDate "2018.08.24"]

1. d4 e6 2. c4 d5 3. Nc3 Nf6 4. Bf4 Bd6 5. Bxd6 Qxd6 6. Nf3 c6 7. e3 Nbd7 8. c5
Qe7 9. Be2 b6 10. b4 a5 11. a3 O-O 12. O-O Ba6 13. Bxa6 Rxa6 14. Qd3 Rfa8 15.
b5 cxb5 16. Nxb5 Nb8 17. Rfc1 bxc5 18. Rxc5 Rc6 19. Rac1 Rxc5 20. Rxc5 Nbd7 21.
Rc6 Rb8 22. h3 Ne4 23. Ra6 Rc8 24. Rxa5 Rc1+ 25. Kh2 Rh1+ 26. Kxh1 Nxf2+ 27.
Kg1 Nxd3 28. Ra8+ Nf8 29. Ra7 Qe8 0-1

[Event "Collado Villalba op-B 35th"]
[Site "Collado Villalba ESP"]
[Date "2018.08.25"]
[Round "2.8"]
[White "Navas Hernando, Oscar"]
[Black "Gonzalez Pinar, Adrian"]
[Result "1/2-1/2"]
[WhiteElo "1790"]
[BlackElo "1593"]
[PlyCount "71"]
[EventDate "2018.08.24"]
[EventType "swiss"]
[EventRounds "9"]
[EventCountry "ESP"]
[SourceTitle "Ajedrez en Madrid"]
[Source "lmi"]
[SourceDate "2018.08.24"]

1. d4 Nf6 2. c4 e6 3. Nc3 Bb4 4. e3 b6 5. Bd3 Bb7 6. f3 c5 7. Nge2 Nc6 8. O-O
cxd4 9. exd4 Bxc3 10. bxc3 h6 11. Ba3 d6 12. Rb1 Qd7 13. Re1 O-O 14. Ng3 Rfd8
15. Ne4 Nxe4 16. fxe4 Rac8 17. Qe2 e5 18. d5 Ne7 19. Rf1 Ng6 20. Bc1 Rc7 21.
Be3 Qe7 22. g3 Bc8 23. Qh5 Nf8 24. Rf2 Nh7 25. Rbf1 Rf8 26. Kg2 Ng5 27. Bxg5
Qxg5 28. Qxg5 hxg5 29. Rb1 Ba6 30. Rb4 Rfc8 31. Ra4 Bxc4 32. Bxc4 Rxc4 33. Rxa7
R8c7 34. Rxc7 Rxc7 35. Rc2 g4 36. Kf2 1/2-1/2

[Event "Collado Villalba op-B 35th"]
[Site "Collado Villalba ESP"]
[Date "2018.08.25"]
[Round "2.9"]
[White "Mejias Gonzalez, Pedro"]
[Black "Ballina Amandi, Casimiro"]
[Result "0-1"]
[WhiteElo "1593"]
[BlackElo "1781"]
[PlyCount "82"]
[EventDate "2018.08.24"]
[EventType "swiss"]
[EventRounds "9"]
[EventCountry "ESP"]
[SourceTitle "Ajedrez en Madrid"]
[Source "lmi"]
[SourceDate "2018.08.24"]

1. e4 c6 2. d3 d5 3. Nd2 e5 4. Ngf3 Bd6 5. Be2 Nf6 6. O-O O-O 7. c3 a5 8. a4
Re8 9. Re1 Na6 10. Nb3 Nc5 11. Nxc5 Bxc5 12. Bg5 Qb6 13. d4 exd4 14. cxd4 Bb4
15. e5 Ne4 16. Rf1 h6 17. Be3 Be7 18. Rb1 Bf5 19. Bd3 Bg4 20. h3 Bh5 21. g4 Bg6
22. Nd2 Nxf2 23. Rxf2 Bxd3 24. Qf3 Rf8 25. Rc1 Bg6 26. b3 Bh4 27. Rg2 f6 28.
Qe2 Rae8 29. Rf1 Bg5 30. Rgf2 Rf7 31. Nf3 Qxb3 32. Bxg5 hxg5 33. Qd2 Qxa4 34.
h4 fxe5 35. Nxe5 Rxe5 36. h5 Rxf2 37. Qxf2 Bd3 38. Qf8+ Kh7 39. h6 Qxd4+ 40.
Rf2 Re1+ 41. Kh2 Qe5+ 0-1

[Event "Collado Villalba op-B 35th"]
[Site "Collado Villalba ESP"]
[Date "2018.08.25"]
[Round "2.10"]
[White "Garcia Varea, Benjamin"]
[Black "Tevar Sanz, Gonzalo"]
[Result "1/2-1/2"]
[WhiteElo "1576"]
[BlackElo "1757"]
[PlyCount "108"]
[EventDate "2018.08.24"]
[EventType "swiss"]
[EventRounds "9"]
[EventCountry "ESP"]
[SourceTitle "Ajedrez en Madrid"]
[Source "lmi"]
[SourceDate "2018.08.24"]

1. e4 d6 2. Bc4 Nf6 3. Nc3 e5 4. Nge2 Be7 5. O-O O-O 6. d3 Bg4 7. h3 Be6 8.
Bxe6 fxe6 9. f4 exf4 10. Nxf4 Qd7 11. Be3 c6 12. d4 b5 13. a3 a5 14. e5 dxe5
15. dxe5 Nd5 16. Ncxd5 cxd5 17. Qg4 Nc6 18. Nxe6 Rxf1+ 19. Rxf1 Bf8 20. Bf4 Re8
21. Nxf8 Qxg4 22. hxg4 Kxf8 23. Rd1 d4 24. Kf2 Ke7 25. Kf3 Ke6 26. Ke4 Rf8 27.
c3 Ne7 28. Rxd4 Ng6 29. Rd6+ Ke7 30. Bg5+ Kf7 31. e6+ Kg8 32. e7 Re8 33. Rd8
Kf7 34. Rxe8 Kxe8 35. Kd5 h6 36. Be3 Kxe7 37. g3 Kd7 38. Bd4 Ne7+ 39. Kc5 b4
40. Bxg7 bxa3 41. bxa3 Ng8 42. Kb5 Ke6 43. Kxa5 Kf7 44. Bd4 Ne7 45. Be5 Nd5 46.
Bd4 Ne7 47. c4 Nc6+ 48. Kb6 Nxd4 49. a4 Ke7 50. a5 Kd7 51. a6 Nc6 52. c5 Ne7
53. Kb7 Nc6 54. Kb6 Ne7 1/2-1/2

[Event "Collado Villalba op-B 35th"]
[Site "Collado Villalba ESP"]
[Date "2018.08.25"]
[Round "2.11"]
[White "Gamboa Ondono, Jesus"]
[Black "Centeno Mendoza, Julio Stefano"]
[Result "1-0"]
[WhiteElo "1749"]
[BlackElo "1574"]
[PlyCount "133"]
[EventDate "2018.08.24"]
[EventType "swiss"]
[EventRounds "9"]
[EventCountry "ESP"]
[SourceTitle "Ajedrez en Madrid"]
[Source "lmi"]
[SourceDate "2018.08.24"]

1. d4 d5 2. c4 e6 3. Nf3 Nf6 4. Bg5 Be7 5. Nc3 Nbd7 6. e3 O-O 7. Rc1 h6 8. Bxf6
Nxf6 9. Qc2 b6 10. cxd5 exd5 11. Ne5 Bb7 12. Bd3 Rc8 13. Qa4 a6 14. Nc6 Qd6 15.
Nxe7+ Qxe7 16. b4 c5 17. bxc5 bxc5 18. O-O c4 19. Bf5 Ra8 20. Qa5 Qd6 21. Rb1
Bc8 22. Bxc8 Rfxc8 23. Rb6 Qd8 24. Rfb1 Nd7 25. Nxd5 Nxb6 26. Nxb6 Rab8 27. Qf5
c3 28. Nxc8 Qxc8 29. Qxc8+ Rxc8 30. Kf1 Kf8 31. Ke2 Rc4 32. Rc1 Ke7 33. Kd3 Ra4
34. Rc2 Ra3 35. Kc4 a5 36. e4 f6 37. f4 g5 38. fxg5 fxg5 39. g4 Ke6 40. e5 Ra4+
41. Kc5 Rb4 42. Rxc3 Rb2 43. a3 a4 44. h3 Rb3 45. Kc4 Rb8 46. Rf3 Rc8+ 47. Kd3
Rb8 48. Rf6+ Ke7 49. Rxh6 Rb3+ 50. Kc4 Rxa3 51. Kd5 Rf3 52. Rh7+ Ke8 53. Ke6 a3
54. Ra7 Kd8 55. Kd6 Kc8 56. e6 Kb8 57. Ra4 Rc3 58. e7 Rc8 59. Rxa3 Kb7 60. Rb3+
Ka7 61. Kd7 Rc4 62. e8=Q Rxd4+ 63. Kc7 Rc4+ 64. Qc6 Rxc6+ 65. Kxc6 Ka8 66. Kc7
Ka7 67. Ra3# 1-0

[Event "Collado Villalba op-B 35th"]
[Site "Collado Villalba ESP"]
[Date "2018.08.25"]
[Round "2.12"]
[White "Castro Uceda, Jose Antonio"]
[Black "Fernandez Rios, Jose Francisco"]
[Result "0-1"]
[WhiteElo "1569"]
[BlackElo "1729"]
[PlyCount "84"]
[EventDate "2018.08.24"]
[EventType "swiss"]
[EventRounds "9"]
[EventCountry "ESP"]
[SourceTitle "Ajedrez en Madrid"]
[Source "lmi"]
[SourceDate "2018.08.24"]

1. e4 c5 2. Nf3 g6 3. d4 cxd4 4. Qxd4 Nf6 5. e5 Nc6 6. Qh4 Nxe5 7. Nxe5 Qa5+ 8.
Nc3 Qxe5+ 9. Be2 Bg7 10. O-O O-O 11. Bh6 d6 12. Bxg7 Kxg7 13. Rfe1 Qc5 14. Rad1
Bd7 15. Bf3 Rfe8 16. Bd5 Bc6 17. Bxc6 bxc6 18. Rd3 Rab8 19. Rde3 Rxb2 20. Na4
Rb4 21. Re4 Rxe4 22. Rxe4 Qxc2 23. Re1 Qxa2 24. Qd4 c5 25. Qf4 Qb3 26. g4 Qb4
27. Qxb4 cxb4 28. Rb1 a5 29. f3 Nd5 30. Kf2 Rc8 31. Rb2 Rc1 32. Rd2 e6 33. Nb2
Rh1 34. Kg3 Ra1 35. Nc4 a4 36. Nxd6 b3 37. g5 Ra2 38. Rd4 b2 39. Rc4 b1=Q 40.
Ne8+ Kf8 41. Rc8 Qg1+ 42. Kh3 Rxh2# 0-1

[Event "Collado Villalba op-B 35th"]
[Site "Collado Villalba ESP"]
[Date "2018.08.25"]
[Round "2.13"]
[White "Rodriguez del Moral, Angel"]
[Black "Palomares Cortez, Facundo Sebast"]
[Result "1/2-1/2"]
[WhiteElo "1728"]
[BlackElo "1486"]
[PlyCount "38"]
[EventDate "2018.08.24"]
[EventType "swiss"]
[EventRounds "9"]
[EventCountry "ESP"]
[SourceTitle "Ajedrez en Madrid"]
[Source "lmi"]
[SourceDate "2018.08.24"]

1. d4 Nf6 2. Bf4 d5 3. e3 e6 4. Bd3 Bd6 5. Bg3 O-O 6. Nd2 Nc6 7. Ngf3 Re8 8.
Ne5 Nd7 9. Ndf3 f6 10. Bxh7+ Kxh7 11. Ng5+ fxg5 12. Qh5+ Kg8 13. Qf7+ Kh8 14.
h4 g4 15. Qh5+ Kg8 16. Qf7+ Kh8 17. Qh5+ Kg8 18. Qf7+ Kh8 19. Qh5+ Kg8 1/2-1/2

[Event "Collado Villalba op-B 35th"]
[Site "Collado Villalba ESP"]
[Date "2018.08.25"]
[Round "2.15"]
[White "Gallego Romero, Manuel"]
[Black "Leniz Martinez, Francisco"]
[Result "1/2-1/2"]
[WhiteElo "1406"]
[BlackElo "1683"]
[PlyCount "101"]
[EventDate "2018.08.24"]
[EventType "swiss"]
[EventRounds "9"]
[EventCountry "ESP"]
[SourceTitle "Ajedrez en Madrid"]
[Source "lmi"]
[SourceDate "2018.08.24"]

1. e4 c5 2. Nf3 e6 3. Bb5 a6 4. Be2 Nf6 5. d3 d6 6. Bg5 Be7 7. O-O O-O 8. Nbd2
Nbd7 9. h3 b6 10. Nc4 b5 11. Ne3 Bb7 12. Nd2 d5 13. Bf3 d4 14. Ng4 Nxg4 15.
Bxe7 Qxe7 16. Bxg4 f5 17. exf5 exf5 18. Bf3 Nf6 19. Bxb7 Qxb7 20. Qf3 Qd5 21.
b3 Rfe8 22. Rfe1 Qxf3 23. Nxf3 Nd7 24. Kf1 Kf7 25. Re2 Rxe2 26. Kxe2 Kf6 27.
Re1 Re8+ 28. Kd2 Rxe1 29. Kxe1 Ne5 30. Nd2 g5 31. f3 h5 32. Kf2 h4 33. Ke2 Ng6
34. Kf2 Nf4 35. a3 a5 36. a4 bxa4 37. bxa4 Nd5 38. Nc4 Nc3 39. Nxa5 Nxa4 40.
Nb3 Ke5 41. g3 Kd5 42. f4 hxg3+ 43. Kxg3 gxf4+ 44. Kxf4 Ke6 45. h4 Kf6 46. h5
Nc3 47. Nxc5 Nd5+ 48. Kf3 Nb4 49. Kf4 Nd5+ 50. Kf3 Nb4 51. Kf4 1/2-1/2

[Event "Collado Villalba op-B 35th"]
[Site "Collado Villalba ESP"]
[Date "2018.08.25"]
[Round "2.16"]
[White "Criado Riesgo, Manuel"]
[Black "Liceras Ruiz, Manuel"]
[Result "0-1"]
[WhiteElo "1665"]
[BlackElo "1642"]
[PlyCount "88"]
[EventDate "2018.08.24"]
[EventType "swiss"]
[EventRounds "9"]
[EventCountry "ESP"]
[SourceTitle "Ajedrez en Madrid"]
[Source "lmi"]
[SourceDate "2018.08.24"]

1. d4 d5 2. c4 c6 3. cxd5 cxd5 4. Nf3 Nf6 5. Nc3 Nc6 6. Bf4 Bf5 7. e3 e6 8. Bd3
Bxd3 9. Qxd3 Be7 10. O-O O-O 11. Rac1 Rc8 12. Qb5 b6 13. Ne5 Nxe5 14. Bxe5 Ng4
15. Bg3 Bd6 16. Ne2 Bxg3 17. Nxg3 Qd6 18. Qe2 Nf6 19. Rc2 Rc7 20. Rfc1 Rfc8 21.
h3 Rxc2 22. Rxc2 Rc6 23. Qd3 Qc7 24. Rc3 Rxc3 25. Qxc3 Qc4 26. a3 Kf8 27. Qxc4
dxc4 28. Kf1 Ke7 29. Ke2 Kd6 30. e4 Kc6 31. Kd2 b5 32. Kc3 h5 33. f3 h4 34. Nf1
Nh5 35. Ne3 Nf4 36. Kb4 Kb6 37. d5 a5+ 38. Kc3 Kc5 39. b4+ cxb3 40. Kxb3 exd5
41. exd5 Nxd5 42. Nf5 g5 43. Nh6 f6 44. Ng4 Kd4 0-1

[Event "Collado Villalba op-B 35th"]
[Site "Collado Villalba ESP"]
[Date "2018.08.25"]
[Round "2.18"]
[White "Teran Gonzalez, Adrian"]
[Black "Melcon Diez, Enrique"]
[Result "1-0"]
[WhiteElo "1327"]
[BlackElo "1660"]
[PlyCount "96"]
[EventDate "2018.08.24"]
[EventType "swiss"]
[EventRounds "9"]
[EventCountry "ESP"]
[SourceTitle "Ajedrez en Madrid"]
[Source "lmi"]
[SourceDate "2018.08.24"]

1. d4 Nf6 2. c4 c5 3. d5 b5 4. Nc3 bxc4 5. e4 d6 6. Bxc4 Nbd7 7. f4 Nb6 8. Nf3
Nxc4 9. Qa4+ Bd7 10. Qxc4 g6 11. e5 Nh5 12. e6 fxe6 13. dxe6 Bc6 14. Ng5 Qb6
15. Nd5 Qb7 16. Ne3 Qb4+ 17. Qxb4 cxb4 18. Bd2 Nxf4 19. Rf1 Nxg2+ 20. Nxg2 Bxg2
21. Rf2 Bd5 22. Bxb4 Bg7 23. Rc1 h6 24. Rf7 Bxb2 25. Rc7 Bf6 26. Bxd6 Bxg5 27.
Bxe7 Bxe6 28. Rg7 Rg8 29. Rh7 Rc8 30. Rxa7 Be3 31. Ra4 Rc7 32. Ra8+ Bc8 33. Ba3
Rxh7 34. Rxc8+ Kf7 35. Rc7+ Ke6 36. Rxh7 Kf5 37. Rf7+ Kg4 38. Bd6 Re8 39. Re7
Ra8 40. Rxe3 Rxa2 41. Rg3+ Kf5 42. Rh3 h5 43. Rf3+ Ke6 44. Bg3 Rc2 45. h4 Ra2
46. Bf4 Rc2 47. Bg5 Rc6 48. Kd2 Ra6 1-0